| 000 | 00741nam a2200229 4500 | ||
|---|---|---|---|
| 999 |
_c14628 _d14628 |
||
| 003 | MIRAKIL | ||
| 005 | 20211112160257.0 | ||
| 008 | 211112b tu ||||| |||| 00| 0 tur d | ||
| 020 | _a9758410709 | ||
| 040 |
_aTR-AnCHP _cTR-AnCHP |
||
| 082 |
_a325.320973 _bÖ92a 2005 |
||
| 100 | _aÖzakıncı, Cengiz | ||
| 245 | 1 | 0 |
_aABD emperyalizmini çökertme planı ve işgallerin perde arkası: _bEuro-Dolar savaşı / _cCengiz Özakıncı. |
| 246 | _aEuro-Dolar savaşı | ||
| 250 | _a3 bs. | ||
| 260 |
_aİstanbul : _bOtopsi Yayınları, _c2005. |
||
| 300 |
_a160 s.: _bfotg.; _c19 sm. |
||
| 650 | 0 |
_95227 _aEmperyalizm _xAmerika Birleşik Devletleri |
|
| 650 | 0 |
_9723 _aPara politikası |
|
| 740 | _aEuro-Dolar savaşı | ||
| 942 |
_2ddc _cBKS |
||